Acteurs du film Intouchables par images - Statistiques

Statistiques générales
  • Ce quiz a été pris 150 fois
  • Le résultat moyen est 4 sur 6
Statistiques - réponses
Par images Hint Réponse % Correct
Driss Omar Sy
100%
Philippe François Cluzet
94%
Magalie Audrey Fleurot
89%
Premier réalisateur Olivier Nakache
63%
Second réalisateur Éric Toledano
54%
Yvonne Anne Le Ny
20%
Aucun quiz correspondant
Distribution des résultats
% des personnes avec chaque résultat
Percentile par nombre de réponses
Votre historique - résultats
Vous n’avez pas pris ce quiz